Drugs or Airlines? Quiz Stats

 Plays Quiz not verified by Sporcle

Score 0/15 Timer 02:00
0 Plays Today
% Correct
Aspirin
95.3%
Ibuprofen
95%
Imodium
91.6%
Flavoxate
90.1%
Viagra
89%
Amantadine
84.3%
Andropen
82.6%
Litarex
81.7%
% Correct
Quinine
79.6%
Salbutamol
79.5%
Salactol
77.4%
Avomine
76.2%
Interferon
74.9%
Fucibet
64.4%
Aerolin
54.7%

You're not logged in!

Compare scores with friends on all Sporcle quizzes.
OR
Log In

Sporcle TV

Today on Sporcle TV


Watch our educational content, quiz creation guides, and fun videos on Sporcle TV.

Show Comments

Extras

Top Quizzes Today


Score Distribution

Your Account Isn't Verified!

In order to create a playlist on Sporcle, you need to verify the email address you used during registration. Go to your Sporcle Settings to finish the process.

Report this User

Report this user for behavior that violates our Community Guidelines.

Details: